LEADER 01372nam a2200313 i 4500 001 000000061774 003 CaOOAMICUS 005 20100301000000.0 008 100301s1996 it u000 u ita u 013 $a32946 020 $a88-8025-087-6 040 $aSeMil$bita 245 10$aLectio Ambrosii :$bper il tempo di Avvento /$cA cura di Adriano Caprioli ; Romite Ambrosiane. 260 $aMilano :$bCentro Ambrosiano,$ccopyr. 1996. 300 $a95 p. ;$c21 cm. 500 $aIn testa al front. : Comitato promotore anno santambrosiano. 650 4$aAvvento.$0(OLS)http://semarc/subject/8783 700 1 $aCaprioli, Adriano,$c.$0(OLS)http://semarc/name/206 710 2 $aRomite dell'Ordine di S. Ambrogio ad Nemus.$0(OLS)http://semarc/name/7629 850 $aSeMil 852 $aSeMil$W1$xVenegono$y1$m2T I 224$j27927$B27927$CSeMilBibl$Z2$F27930 $81 910 2 $aMonastero Romite Ambrosiane$c. 910 2 $aRomite Ambrosiane$c. 961 $aOmaggio: Fumagalli don Aristide 996 $6020$a88-8025-087-6$9(OLS)http://semarc/number/38124 996 $6245$aLectio Ambrosii :$bper il tempo di Avvento$9(OLS)http://semarc/title/97143 996 $6260$aMilano :$bCentro Ambrosiano$9(OLS)http://semarc/publisher/29766 LEADER 01209nam a2200265 i 4500 001 000000238823 003 CaOOAMICUS 005 20150213000000.0 008 150213s2015 it u000 u mul u 013 $a217728 020 $a978-88-215-9350-5 040 $aSeMil$bita 245 10$aLettera ai Colossesi /$cintroduzione, traduzione e commento a cura di Filippo Belli. 260 $aCinisello Balsamo :$bSan Paolo,$c2015. 300 $a89 p. ;$c22 cm. 490 0 $aNuova versione della Bibbia dai testi antichi ;$v48 650 4$aBibbia. Nuovo Testamento. Lettera ai Colossesi - Commentari, studi, critica e interpretazioni.$0(OLS)http://semarc/subject/5914 700 1 $aBelli, Filippo.$0(OLS)http://semarc/name/69642 830 0$aNuova versione della Bibbia dai testi antichi ;$v48.$0(OLS)http://semarc/title/32532 850 $aSeMil 852 $aSeMil$W1$xVenegono$y1$m2XA E 48$j230510$B189169$CSeMilBibl$Z2$F199900 $81 961 $aSottoscrizione: San Paolo (Agente) 996 $6020$a978-88-215-9350-5$9(OLS)http://semarc/number/244618 996 $6245$aLettera ai Colossesi$9(OLS)http://semarc/title/62280 996 $6260$aCinisello Balsamo :$bSan Paolo$9(OLS)http://semarc/publisher/30129